[Event "GER-chT U12 Girls"]
[Site "Berlin"]
[Date "2022.12.27"]
[Round "1"]
[White "Franzen, Karoline"]
[Black "Bako, Isabella"]
[Result "0-1"]
[WhiteElo "881"]
[BlackElo "1202"]
[PlyCount "62"]
[EventDate "2022.12.26"]
[EventType "team-swiss"]
[EventRounds "7"]
[EventCountry "GER"]
[SourceTitle "CBM 212 Extra"]
[Source "ChessBase"]
[SourceDate "2023.03.31"]
[SourceVersion "1"]
[SourceVersionDate "2023.03.31"]
[SourceQuality "1"]
[WhiteTeam "Heiden"]
[BlackTeam "Heidesheim"]
[WhiteTeamCountry "GER"]
[BlackTeamCountry "GER"]

1. c4 e5 2. Nc3 Nf6 3. g3 g6 4. Bg2 Bg7 5. e4 0-0 6. Nge2 Nc6 7. 0-0 Nd4 8. d3 c6 9. b3 d5 10. Ba3 Re8 11. Bc5 dxe4 12. dxe4 Nxe2+ 13. Qxe2 Qa5 14. Qe3 Ng4 15. Bb4 Qxb4 16. Qe1 f5 17. Nd5 Qxe1 18. Ne7+ Rxe7 19. Raxe1 Nf6 20. Rd1 Be6 21. Rd2 Nxe4 22. Bxe4 fxe4 23. Rfd1 Rf8 24. h4 Bh6 25. Rd6 e3 26. fxe3 Bxe3+ 27. Kh2 Rf2+ 28. Kh1 Bg4 29. R1d3 Bf3+ 30. Kg1 Rg2+ 31. Kf1 Rg1# 0-1